Score 0/21 Timer 03:00
4 Plays Today
Letter Character % Correct
AArya Stark
96.9%
JJon Snow
95.9%
CCatelyn Tully
95.5%
BBran Stark
94.8%
SSansa Stark
92.5%
DDaenerys Targaryen
91.2%
TTyrion Lannister
89.6%
RRobb Stark
89.5%
EEddard Stark
89.2%
PPetyr Baelish
80.4%
VVarys
78.5%
Letter Character % Correct
GGregor Clegane
77.8%
MMance Rayder
73.3%
LLysa Arryn
72.4%
HHodor
67.6%
YYgritte
61.4%
OOberyn Martell
59.2%
QQuentyn Martell
58.9%
IIllyrio Mopatis
54.7%
WWalder Frey
54.3%
KKevan Lannister
35.5%
Remove Ads.
Support Sporcle.
Get the best of Sporcle when you Go Orange. This ad-free experience offers more features, more stats, and more fun while also helping to support Sporcle. Thank you for becoming a member.

You're not logged in!

Compare scores with friends on all Sporcle quizzes.
OR
Log In

Sporcle TV

Today on Sporcle TV


Watch our educational content, quiz creation guides, and fun videos on Sporcle TV.

Show Comments

Extras

Top Quizzes Today


Score Distribution

Paid Content

Your Account Isn't Verified!

In order to create a playlist on Sporcle, you need to verify the email address you used during registration. Go to your Sporcle Settings to finish the process.

Report this User

Report this user for behavior that violates our Community Guidelines.

Details: